Goodman & Gilman's : (Registro nro. 31246)
[ vista simple ]
| 000 -LEADER | |
|---|---|
| fixed length control field | 01675cam a2200385 i 4500 |
| 001 - CONTROL NUMBER | |
| control field | 31246 |
| 003 - CONTROL NUMBER IDENTIFIER | |
| control field | Mx-PuUPA |
| 005 - DATE AND TIME OF LATEST TRANSACTION | |
| control field | 20260420120808.0 |
| 008 - FIXED-LENGTH DATA ELEMENTS--GENERAL INFORMATION | |
| fixed length control field | 140415s2024 mx ad gr 001 0 spa d |
| 020 ## - INTERNATIONAL STANDARD BOOK NUMBER | |
| International Standard Book Number | 9786071520838 |
| 040 ## - CATALOGING SOURCE | |
| Transcribing agency | Mx-PuUPA |
| Original cataloging agency | Mx-PuUPA |
| Language of cataloging | spa |
| Modifying agency | Mx-PuUPA |
| Description conventions | rda |
| 041 1# - LANGUAGE CODE | |
| Language code of text/sound track or separate title | spa |
| Language code of original | eng |
| 130 0# - MAIN ENTRY--UNIFORM TITLE | |
| Uniform title | Goodman & Gilman's. The pharmacological basis of therapeutics. |
| 245 10 - TITLE STATEMENT | |
| Title | Goodman & Gilman's : |
| Remainder of title | las bases farmacológicas de la terapéutica / |
| Statement of responsibility, etc. | editor en jefe, Laurence L. Brunton ; editor, Björ C. Knollmann ; traducción, Armoise |
| 246 33 - VARYING FORM OF TITLE | |
| Title proper/short title | Goodman and Gilmans |
| 246 30 - VARYING FORM OF TITLE | |
| Title proper/short title | Las bases farmacológicas de la terapéutica |
| 250 ## - EDITION STATEMENT | |
| Edition statement | Primera edición |
| 264 #1 - PRODUCTION, PUBLICATION, DISTRIBUTION, MANUFACTURE, AND COPYRIGHT NOTICE | |
| Place of production, publication, distribution, manufacture | Ciudad de México : |
| Name of producer, publisher, distributor, manufacturer | McGraw-Hill Interamericana Editores, |
| Date of production, publication, distribution, manufacture, or copyright notice | ©2024 |
| 336 ## - CONTENT TYPE | |
| Fuente | rdacontent |
| Content type term | texto |
| Content type code | txt |
| 336 ## - CONTENT TYPE | |
| Fuente | rdacontent |
| Content type term | imagen fija |
| Content type code | sti |
| 337 ## - MEDIA TYPE | |
| Source | rdamedia |
| Media type term | sin medio |
| Media type code | n |
| 338 ## - CARRIER TYPE | |
| Source | rdacarrier |
| Carrier type term | volumen |
| Carrier type code | nc |
| 650 #7 - SUBJECT ADDED ENTRY--TOPICAL TERM | |
| Source of heading or term | armarc |
| Topical term or geographic name entry element | Medicamentos |
| 650 #7 - SUBJECT ADDED ENTRY--TOPICAL TERM | |
| Source of heading or term | armarc |
| Topical term or geographic name entry element | Farmacocinética |
| 650 #7 - SUBJECT ADDED ENTRY--TOPICAL TERM | |
| Source of heading or term | armarc |
| Topical term or geographic name entry element | Farmacología |
| 650 #7 - SUBJECT ADDED ENTRY--TOPICAL TERM | |
| Source of heading or term | armarc |
| Topical term or geographic name entry element | Quimioterapia |
| 650 #7 - SUBJECT ADDED ENTRY--TOPICAL TERM | |
| Source of heading or term | armarc |
| Topical term or geographic name entry element | Terapéutica |
| 942 ## - ADDED ENTRY ELEMENTS (KOHA) | |
| Source of classification or shelving scheme | Dewey Decimal Classification |
| Koha item type | Libro |
| Classification part | 615.7 |
| Item part | G6418 |
| Withdrawn status | Lost status | Source of classification or shelving scheme | Damaged status | Not for loan | Collection code | Home library | Current library | Shelving location | Date acquired | Source of acquisition | Cost, normal purchase price | Total Checkouts | Full call number | Barcode | Date last seen | Cost, replacement price | Price effective from | Koha item type | Copy number |
|---|---|---|---|---|---|---|---|---|---|---|---|---|---|---|---|---|---|---|---|
| Dewey Decimal Classification | General | Biblioteca Karol Wojtyla | Biblioteca Karol Wojtyla | Sala general | 28/01/2026 | 1 | 2735.00 | 615.7 G6418 2024 | 106292 | 26/03/2026 | 2735.00 | 28/01/2026 | Reserva permanente | ||||||
| Dewey Decimal Classification | General | Biblioteca Karol Wojtyla | Biblioteca Karol Wojtyla | Sala general | 28/01/2026 | 1 | 2735.00 | 615.7 G6418 2024 | 106293 | 20/04/2026 | 2735.00 | 28/01/2026 | Reserva permanente | Ej.2 | |||||
| Dewey Decimal Classification | General | Biblioteca Karol Wojtyla | Biblioteca Karol Wojtyla | Sala general | 27/04/2026 | 1 | 2824.00 | 615.7 G6418 2024 | 106486 | 27/04/2026 | 2824.00 | 27/04/2026 | Reserva permanente | Ej.3 | |||||
| Dewey Decimal Classification | General | Biblioteca Karol Wojtyla | Biblioteca Karol Wojtyla | Sala general | 27/04/2026 | 1 | 2824.00 | 615.7 G6418 2024 | 106487 | 27/04/2026 | 2824.00 | 27/04/2026 | Reserva permanente | Ej.4 |